[Event "WchT 7th"]
[Site "Bursa"]
[Date "2010.01.08"]
[Round "4.1"]
[White "Aronian, Levon"]
[Black "Vescovi, Giovanni P"]
[Result "1-0"]
[WhiteElo "2781"]
[BlackElo "2660"]
[Annotator "Ftacnik,L"]
[PlyCount "89"]
[EventDate "2010.01.05"]
[EventType "team-tourn"]
[EventRounds "9"]
[EventCountry "TUR"]
[SourceTitle "CBM 134"]
[Source "ChessBase"]
[SourceDate "2010.01.18"]
[SourceVersion "1"]
[SourceVersionDate "2010.01.18"]
[SourceQuality "1"]
[WhiteTeam "Armenia"]
[BlackTeam "Brazil"]
[WhiteTeamCountry "ARM"]
[BlackTeamCountry "BRA"]

1. d4 Nf6 2. c4 e6 3. Nf3 d5 4. g3 Bb4+ 5. Bd2 Be7 {This ingenious retreat of
the bishop is causing problems for White, as his bishop on d2 is in fact
misplaced.} 6. Bg2 O-O 7. O-O c6 8. Bf4 b6 9. Nc3 Bb7 (9... Ba6 10. cxd5 cxd5
11. Rc1 Nc6 (11... Bb7) 12. Nxd5 $1 Qxd5 13. Ne5 Nxd4 14. Bxd5 Nxe2+ 15. Qxe2
Bxe2 16. Bxa8 Rxa8 17. Rfe1 Bb5 18. Rc2 Nd5 19. Rec1 $14 {1-0 Kramnik,V (2744)
-Topalov,V (2788)/Dortmund 2005/ (41)}) 10. Rc1 {White aims for rapid piece
development, in the hope of occupying the c-file.} (10. cxd5 {The immediate
exchange on d5 is relatively easy on Black.} cxd5 (10... Nxd5 11. Nxd5 cxd5 12.
Rc1 Bd6 13. Ne5 Bxe5 14. Bxe5 Nc6 15. Qa4 Nxe5 16. dxe5 Qe8 17. Qxe8 Rfxe8 18.
Rc7 Ba6 19. Bf3 Rec8 20. Rfc1 Kf8 21. Kf1 Rab8 22. Ke1 Rxc7 23. Rxc7 Rb7 24.
Rc8+ Ke7 25. Kd2 f6 $11 {1/2-1/2 Mickevicius,J (2185)-Uogele,A (2260)/Vilnius
1996 (59)}) (10... exd5 11. Rc1 Nbd7 12. a3 Nh5 13. e3 Nxf4 14. exf4 Bd6 15.
Re1 Rc8 16. Bh3 Rc7 17. Ne5 f5 18. Nf3 Rf6 19. Qd3 $16 {1-0 Nemtzev,I-Timofeev,
S/Kstovo 1998 (52)}) 11. Rc1 Nc6 12. Ne5 (12. a3 Ne4 13. Qd3 g5 14. Be3 f5 15.
Ne5 Nxe5 16. dxe5 Bc5 17. Bd4 Ba6 18. Qxa6 Bxd4 19. Nxe4 fxe4 20. Rcd1 Bxe5 21.
Bxe4 Qc8 $17 {1-0 Olbrich,M (2285)-Stangl,A (2165)/Germany 1996 (46)}) 12...
Rc8 13. Qa4 a6 14. Nxc6 Rxc6 15. Qb3 b5 16. Nb1 {1/2-1/2 Ramirez Alvarez,A 
(2547)-Izoria,Z (2589)/Dallas 2009}) 10... Nbd7 {Black has two other sensible
ideas for meeting the spirited white setup.} (10... dxc4 11. Ne5 Nd5 12. Nxc4
Nxf4 13. gxf4 Nd7 14. e3 Qc7 15. Qc2 Rac8 16. Rfd1 a6 17. a4 Rfd8 18. f5 exf5
19. Qxf5 g6 20. Qe4 Bf8 $11 {1/2-1/2 Ramirez,A (2547)-Kritz,L (2607)/South
Padre Island 2009 (42)}) (10... Nh5 {The knight move to the edge is trying to
underline the fact, that bishop on f4, though a fabulous piece, can also be
eliminated.} 11. Bxb8 Qxb8 12. Ne5 Nf6 13. e3 Rd8 14. cxd5 cxd5 15. f4 g6 (
15... Qd6 16. Nb5 Qb4 17. Rc7 Ba6 18. a4 Bxb5 19. axb5 Bd6 20. Rxf7 $5 Bxe5 21.
fxe5 Kxf7 22. Qh5+ Kg8 23. exf6 gxf6 24. Qg4+ Kh8 (24... Kf7 $6 25. Qh4 $14 {
would leave White with the initiative.}) 25. Qxe6 Rf8 26. Qxd5 Rae8 {1/2-1/2
Leko,P (2749)-Aronian,L (2744)/Morelia/Linares 2007 (46)}) 16. g4 Nd7 17. Qe1 {
1/2-1/2 Khalifman,A-Adams,M/Izmir/2004/ (17)}) 11. cxd5 {Aronian is opting for
the simplicity of the pawn swap in the centre, since the two other attempts
may not be fully satisfactory.} (11. Qb3 Nh5 $1 12. Be5 (12. Be3 f5 (12... Nhf6
$1) 13. cxd5 exd5 14. Ne5 $1 Nxe5 15. dxe5 Kh8 16. f4 {1-0 Chiburdanidze,
M-Akhmilovskaya,E/Borzhomi,Sofia 1986/ (40)}) (12. Rfd1 Nxf4 13. gxf4 Bd6 14.
e3 Qe7 $11) 12... Nhf6 $1 (12... f6 13. cxd5 cxd5 14. Bf4 (14. Bc7 Qxc7 15.
Nxd5 Qd6 16. Nxe7+ Qxe7 17. Rc7 Bd5 18. Qb5) 14... Nxf4 15. gxf4 f5 16. Nb5 $14
) 13. Bf4 (13. Rfd1 Nxe5 14. Nxe5 Bd6 15. cxd5 exd5 16. e4 $16) 13... Nh5 14.
Be3 Nhf6 $1 (14... f5 15. cxd5 exd5 16. Ne5 $1) 15. Rfd1 Bd6 $6 (15... Rc8 16.
Ne5 $140 (16. cxd5 cxd5 $1 $11) (16. a3 h6 17. Bf4 Nh5 18. Bd2 Nhf6 19. Be1
dxc4 20. Qxc4 c5 21. Qd3 cxd4 22. Nxd4 Bxg2 23. Kxg2 Qc7 {1/2-1/2 Ivanchuk,
V-Macieja,B/Calvia 2004/ (26)}) 16... Nxe5 17. dxe5 Ng4 $1 18. cxd5 Nxe3 19.
dxc6 Nxd1 20. cxb7 Rxc3 $1 21. bxc3 Nxf2 22. Kxf2 Qd2 23. Qc2 $11) 16. cxd5
exd5 (16... cxd5 17. Nb5 Bb8 18. Bf4 $1 Bxf4 19. gxf4 Ba6 20. Ne5 $1 $14) 17.
Bg5 $1 Be7 (17... h6 18. Bxf6 Nxf6 19. e3 $14 (19. e4 $6 dxe4 20. Ne5 Qb8 $11))
(17... Re8 $143 $2 18. e4 $1 dxe4 19. Ne5 Bxe5 20. dxe5 Rxe5 21. Nxe4 $36) 18.
e3 Ne8 $6 (18... Re8 $142 $14) 19. Bxe7 Qxe7 20. e4 $1 dxe4 21. Nxe4 Nef6 (
21... Qxe4 $140 22. Ne5 Qf5 23. g4 Qe6 24. Qxe6 fxe6 25. Nxd7 Rf4 26. Ne5 $16)
22. Nc5 $1 Nxc5 (22... bxc5 $2 23. Qxb7 $16) 23. dxc5 bxc5 (23... Nd5 24. Nd4 (
24. cxb6 axb6 25. Nd4 $16) 24... bxc5 25. Nf5 Qf6 26. Qxb7 Qxf5 27. Qxc6 $18)
24. Re1 Qc7 25. Rxc5 $16 {Black will have to endure pressure against his
vulnerable queenside pawns as in 1/2-1/2 Avrukh,B (2600)-Lerner,K (2494)/Ramat
Aviv 2004 (38)}) (11. Nd2 Nh5 (11... c5 12. Nb3 a6 $6 (12... Rc8) 13. dxc5 Nxc5
14. Nxc5 Bxc5 15. Bg5 h6 16. Bxf6 Qxf6 17. cxd5 $16 {1-0 Romanishin,O (2562)
-Poetsch,K (2194)/Bad Wiessee 2002/ (33)}) 12. cxd5 exd5 (12... cxd5 $2 13. Bc7
$1 Qxc7 14. Nxd5 Qd8 15. Nxe7+ Qxe7 16. Bxb7 $16) (12... Nxf4 $2 13. dxc6 Nxg2
14. cxb7 Rb8 15. Kxg2 Rxb7 $16) 13. e3 Nxf4 14. gxf4 Nf6 15. Nf3 c5 $6 (15...
Qd6 16. Ne5 Qe6) 16. Ne5 c4 17. Nxc4 $1 (17. b3 $6 Ba3 18. Rb1 Bb4 19. Qc2 cxb3
20. Rxb3 Ba5 $1 21. Rc1 $13 {Black was doing fine with his bishop pair as
compensation for the d5 pawn weakness from 1/2-1/2 Postny,E (2616)-Arutinian,D
(2552)/Cappelle la Grande 2007/}) 17... Ba6 18. Ne5 Bxf1 19. Qxf1 Rc8 20. Nxd5
$1 Nxd5 (20... Rxc1 21. Nxe7+ Qxe7 22. Qxc1 $14) 21. Rxc8 Qxc8 22. Bxd5 Bf6 $2
(22... Bd6 $1 23. Qc4 (23. Nc6 Qf5 24. Bg2 Qc2 $132) 23... Qf5 24. Qd3 Qh5 25.
Bf3 Qh6 $14) 23. Qc4 $1 Qxc4 $6 (23... Bxe5 $2 24. Bxf7+ $1 Kh8 25. Qxc8 Rxc8
26. fxe5 $18) (23... Qe8 $1) 24. Bxc4 $8 (24. Nxc4 $2 Rd8 25. Bc6 Bxd4 $1 26.
exd4 Rxd4 27. b3 Rxf4 $11) 24... Bxe5 25. fxe5 Rc8 26. b3 $18 {Despite a spare
exchange Black was in trouble due to the dangerous white pawn mass in 1-0
Postny,E (2627)-Gyimesi,Z (2605)/Maalot-Tarshiha 2008 (52)}) 11... Nxd5 {
Black was probably regretting his decision later in the game. Recapturing with
the pawn might be the most stubborn choice.} (11... cxd5 12. Nb5 Ne8 13. Qb3 a6
14. Nc7 Rc8 (14... g5 15. Nxg5 Bxg5 16. Bxg5 Qxg5 17. Nxa8 Bxa8 18. Qa4 Nb8 $14
) 15. Nxe8 Rxe8 16. a4 (16. Rxc8 Qxc8 17. Rc1 Qa8 18. Ne5 Nxe5 19. Bxe5 b5 $14)
16... Rc6 17. Rxc6 Bxc6 18. Rc1 Qa8 19. e3 Rc8 $11 {1/2-1/2 Radjabov,T (2670)
-Izoria,Z (2573)/Antalya 2004/ (40)}) 12. Nxd5 exd5 (12... cxd5 13. Qa4 a6 14.
Rc7 b5 15. Qc2 Rc8 16. Rc1 $16) 13. Qa4 Bf6 (13... c5 14. Rfd1 Qe8 15. Qc2 f5
16. dxc5 bxc5 17. Ng5 Qg6 18. Nh3 $1 $16) 14. Rxc6 $1 {Aronian does not miss
the chance to sacrifice the exchange for the opponent's two central pawns.}
Bxc6 15. Qxc6 Re8 16. Qxd5 Nf8 (16... Rxe2 $2 17. Ng5 Bxg5 18. Bxg5 Qe8 19.
Qxa8 $18) 17. Qb5 Ne6 (17... Bxd4 18. Nxd4 Qxd4 19. Bxa8 Rxa8 20. Be3 $16) 18.
Be3 Rc8 (18... Nxd4 19. Nxd4 Bxd4 20. Bxa8 Rxe3 21. fxe3 Bxe3+ 22. Kg2 Qxa8+
23. Rf3 $18) (18... Bxd4 $2 19. Rd1 $18) 19. Rd1 Nc5 (19... Re7 20. Ne5 Bxe5
21. Qxe5 Rc2 22. Qb5 $16) 20. h4 $6 {The Armenian player misses a perfect
opportunity to put more pressure on the enemy forces.} (20. Bh3 $1 a6 21. Qb4
Ra8 22. Qc4 Ne4 23. d5 $16) 20... h6 $6 (20... a6 21. Qb4 b5 22. Bh3 Ne6 23.
Qb3 Rc4 $14) 21. Bh3 $1 a6 22. Qb4 Rc6 (22... Rc7 23. Qxb6 $18) (22... Rb8 23.
Nd2 Ne4 24. Nxe4 Rxe4 25. Bg2 Re7 26. Bf3 $16) 23. Rc1 $1 {[%mdl 64] This fine
move forces an exchange combination that will give him great winning chances
despite opposite coloured bishops.} Rxe3 24. fxe3 Nd3 (24... Qe8 25. Qa3 Ne4
26. Rxc6 Qxc6 27. Qxa6 Nxg3 28. Kg2 Ne4 29. Qc8+ $18) 25. Rxc6 Nxb4 26. Rc8
Nxa2 (26... b5 27. a3 $18) 27. e4 Nb4 {Vescovi is truggling to find a line,
where he can put up some resistance.} (27... g6 28. e5 Kg7 29. Rxd8 Bxd8 30. d5
b5 31. d6 Bb6+ 32. Kg2 Nb4 33. Bc8 Kf8 34. Kh3 $16) 28. e5 Be7 29. Kf2 Kf8 (
29... f6 30. exf6 Bxf6 31. Ke3 Qxc8 32. Bxc8 Bd8 33. Ne5 $16) 30. Ke3 Ke8 31.
Ke4 f6 32. Rxd8+ (32. exf6 Bxf6 33. Ne5 Qxc8 34. Bxc8 Ke7 35. Nd7 $16) 32...
Bxd8 33. d5 fxe5 34. d6 $1 {A marvellous move, showing the touch of a great
master. White is controlling both light and dark squares.} Nc6 (34... Bf6 35.
Nxe5 a5 36. Bd7+ Kd8 37. Bb5 $18) 35. Bc8 Bf6 (35... a5 36. Kd5 Nb4+ 37. Ke6
$18) 36. g4 g6 (36... Kd8 37. Bb7 Kd7 38. g5 hxg5 39. hxg5 Bd8 40. Bxc6+ Kxc6
41. Kxe5 $18) 37. g5 hxg5 38. hxg5 Bd8 (38... Bg7 39. Nh4 Kf7 40. Bb7 Nb4 41.
Bd5+ Ke8 42. Be6 $18) 39. Bxa6 Kd7 40. Bb5 Kxd6 41. Bxc6 Kxc6 42. Kxe5 {
The problem of the bishops on different colours is gone. White will now win by
technical means.} Kd7 (42... Kc5 43. Ke6 b5 (43... Kb4 44. Kd7 $18) 44. Kf7 Kc4
45. Kxg6 $18) 43. e4 Be7 44. Kd5 Bd8 45. b4 {On top of a passive position, the
defender has to worry about two vulnerable pawns.} (45. b4 b5 46. Kc5 $18) 1-0

[Event "Interpolis-02"]
[Site "Tilburg"]
[Date "1978.09.05"]
[Round "4"]
[White "Browne, Walter Shawn"]
[Black "Huebner, Robert"]
[Result "1/2-1/2"]
[WhiteElo "2550"]
[BlackElo "2595"]
[Annotator "Ftacnik,L"]
[PlyCount "61"]
[EventDate "1978.09.01"]
[EventType "tourn"]
[EventRounds "11"]
[EventCountry "NED"]
[EventCategory "14"]
[SourceTitle "MCL"]
[Source "ChessBase"]
[SourceDate "1999.07.01"]
[SourceVersion "1"]
[SourceVersionDate "1999.07.01"]
[SourceQuality "1"]

1. d4 Nf6 2. c4 e6 3. Nf3 b6 4. g3 Bb7 5. Bg2 Bb4+ 6. Bd2 Bxd2+ (6... Qe7 $5) (
6... Be7) 7. Qxd2 O-O 8. Nc3 d6 (8... Ne4 $5 9. Qc2 f5 (9... Nxc3 $5 10. Ng5
Ne4 11. Bxe4 Bxe4 12. Qxe4 Qxg5 13. Qxa8 Nc6 14. Qb7 Nxd4 {Euwe-Capablanca (10)
/ m/ 1931} 15. O-O $1) 10. Ne5 d5 11. cxd5 exd5 12. O-O Nd7 13. f4 $14 {
Euwe-Flohr, m 1932}) 9. O-O (9. Qc2) 9... Ne4 10. Nxe4 Bxe4 11. Ne1 Bxg2 12.
Nxg2 c6 $5 (12... Nd7) 13. Rac1 Nd7 14. e4 Rc8 15. Rfe1 Re8 16. Ne3 Nf6 17. f3
Re7 18. Red1 (18. d5 $5) 18... d5 $5 19. e5 Ne8 20. c5 f5 21. Ng2 (21. exf6 $6
Nxf6 {/\e5}) 21... Rb7 22. Nf4 Qd7 23. Nd3 b5 24. h4 a5 25. Kh2 (25. Qxa5 Ra7 {
/\Ra2}) 25... b4 26. Rg1 Nc7 27. Rg2 (27. g4) 27... Nb5 28. Nf4 Rf8 29. Rh1 (
29. g4) 29... Kf7 $1 {/\Kb8} 30. g4 Ke8 31. g5 $10 (31. Rhg1 $5) (31. gxf5 $5)
1/2-1/2

[Event "BIH-chT"]
[Site "Neum"]
[Date "2004.05.29"]
[Round "1.2"]
[White "Bologan, Viktor"]
[Black "Zelcic, Robert"]
[Result "1-0"]
[WhiteElo "2665"]
[BlackElo "2509"]
[Annotator "Ftacnik,L"]
[PlyCount "69"]
[EventDate "2004.05.29"]
[EventType "team"]
[EventRounds "9"]
[EventCountry "BIH"]
[SourceTitle "CBM 102"]
[Source "ChessBase"]
[SourceDate "2004.09.23"]
[SourceVersion "1"]
[SourceVersionDate "2004.09.23"]
[SourceQuality "1"]
[WhiteTeam "Sarajevo Bosna"]
[BlackTeam "Prozor Rama"]
[WhiteTeamCountry "BIH"]
[BlackTeamCountry "BIH"]

1. d4 Nf6 2. c4 e6 3. Nf3 Bb4+ 4. Nbd2 b6 5. a3 Bxd2+ 6. Bxd2 Bb7 7. g3 O-O 8.
Bg2 d6 9. O-O a5 10. b3 Nbd7 11. Bc3 Be4 12. Bh3 $5 {Bologan has to drive away
the magnificient bishop from e4 without exchange of his Bg2.} d5 (12... Bxf3
13. exf3 d5 14. Bg2 a4 $13) 13. Nd2 Bg6 (13... a4 $1 14. f3 (14. Nxe4 Nxe4 15.
Bb2 axb3 $15) 14... Bg6 15. Bg2 c5 $13) 14. cxd5 exd5 15. Rc1 Re8 16. Bb2 c5 (
16... b5 $5 17. Re1 a4 $11) 17. a4 $1 {Very good idea, the modest knight from
d2 can be improved by transfer to the b5 quare.} Ra7 (17... Bh5 18. f3 (18. Re1
Qe7 19. Qc2 Rac8 20. e3 Bg6 $11) 18... Qe7 19. Rf2 Bg6 $13) 18. Nb1 Ne4 19. Na3
Ndf6 $2 {Zelcic plays a very natural move, but it will prove to be false. Much
better was to activate the queen with chances to keep balance.} (19... Qg5 $1
20. Nb5 Rb7 21. Bg2 Rd8 22. dxc5 Ndxc5 23. Bd4 Re7 $11) 20. Nb5 Rae7 (20... Rb7
21. dxc5 bxc5 (21... Nxc5 22. e3 $14) 22. f3 (22. Bxf6 Qxf6 23. Qxd5 Rbb8 $44)
22... Ng5 23. Bg2 Ne6 24. Bxf6 gxf6 25. Rf2 Rd7 26. f4 Bf5 27. e3 $16) 21. dxc5
$1 bxc5 (21... Bh5 22. cxb6 Ng5 23. Bg2 Bxe2 24. Bxf6 gxf6 (24... Bxd1 25. Bxe7
Rxe7 26. Rfxd1 $18) 25. Qxd5 Rd7 26. Qc5 Bxf1 27. Bxf1 $14) (21... Nxc5 22.
Bxf6 gxf6 23. Nd4 $16) 22. Bxf6 Nxf6 (22... gxf6 23. Bg2 Rd7 24. f3 Ng5 25. f4
Ne4 26. f5 Bh5 27. Rf4 $18) 23. Rxc5 Rxe2 (23... Qb6 24. Rc8 (24. Qd4 Rxe2 25.
Rc7 Qb8 $13) 24... Rxc8 25. Bxc8 Qc5 26. Bh3 Bh5 27. Re1 Qb4 28. Bf5 $14) 24.
Nc7 $1 {Black is overexposed with his pieces, the rook has to leave 8th rank
and Rc8 will soon become a critical threat.} R8e5 25. Nxd5 Nxd5 (25... Rxd5 26.
Rxd5 Qxd5 27. Qxe2 Qxb3 28. Qb5 $18) 26. Rc8 (26. Bg4 Bc2 27. Rxc2 Rxc2 28.
Qxc2 Nb4 29. Qc3 Rd5 30. Re1 $16) 26... Qxc8 27. Bxc8 h5 (27... Bc2 28. Qa1 Re7
29. Ba6 $18) 28. Ba6 $1 R2e4 (28... Bc2 29. Qxe2 Rxe2 30. Bxe2 Bxb3 31. Rc1 $18
) 29. Bb7 Nc3 30. Qd8+ Re8 31. Qxa5 {White will now win any endgame.} Ne2+ 32.
Kg2 R4e7 33. Bc6 Rc8 (33... Re5 34. Qd2 Be4+ 35. Bxe4 Rxe4 36. a5 $18) 34. Rd1
Kh7 (34... Rxc6 35. Qd8+ Kh7 36. Qxe7 $18) 35. Bf3 1-0

[Event "EU-ch 4th"]
[Site "Istanbul"]
[Date "2003.06.08"]
[Round "9"]
[White "Lputian, Smbat G"]
[Black "Neverov, Valeriy"]
[Result "1-0"]
[WhiteElo "2638"]
[BlackElo "2583"]
[Annotator "Ftacnik,L"]
[PlyCount "53"]
[EventDate "2003.05.30"]
[EventType "swiss"]
[EventRounds "13"]
[EventCountry "TUR"]
[SourceTitle "CBM 096"]
[Source "ChessBase"]
[SourceDate "2003.09.25"]
[SourceVersion "1"]
[SourceVersionDate "2003.09.25"]
[SourceQuality "1"]

1. d4 Nf6 2. c4 e6 3. Nf3 b6 4. g3 Bb7 5. Bg2 Bb4+ 6. Bd2 a5 7. O-O O-O 8. Nc3
d6 9. d5 Na6 (9... Bxc3 10. Bxc3 exd5 11. Nh4 (11. cxd5 Nxd5 12. Bxg7 Kxg7 13.
Nh4 c6 14. Nf5+ Kh8 15. e4 Qf6 16. Bh3 Ne7 17. Nxd6 Bc8 18. e5 Qh6 {0-1 Safin,
S-Pelletier,Y/Bled 2002/ (47)}) 11... Ne4 (11... c6 12. cxd5 Nxd5 13. Bd4 Ne7
14. Qb3 Nd7 15. e4 Qc7 16. Qc3 f6 17. Qb3+ Kh8 18. Rfd1 a4 19. Qe3 c5 20. Bc3
Rad8 21. g4 Ne5 {0-1 Razuvaev,Y-Mainka,G/Dortmund 1995/ (30)}) 12. Rc1 Nxc3 13.
Rxc3 c6 14. cxd5 c5 15. e4 Na6 16. f4 Nc7 17. Qh5 Nb5 18. Re3 Nd4 19. g4 g6 20.
Qh6 Qf6 21. Nf5 Nxf5 22. gxf5 {1-0 Sigurjonsson,G-Tisdall,J/Brighton 1981/ (28)
}) (9... e5 10. Nh4 Bc8 (10... Na6 11. a3 Bxc3 12. Bxc3 Nc5 13. b4 axb4 14.
axb4 Rxa1 15. Bxa1 Ncd7 16. Nf5 Re8 17. e4 Nf8 18. Qc2 Qd7 19. f4 Ng6 20. c5 {
1-0 Izeta Txabarri,F-Granero Roca,A/Cala Galdana 1999/ (30)}) 11. Qc2 Na6 12.
a3 Bxc3 13. Bxc3 Nc5 14. b4 axb4 15. axb4 Rxa1 16. Rxa1 Nb7 17. Ra7 Qe7 18. Nf5
Bxf5 19. Qxf5 Nd8 20. e3 {1-0 Hort,V-Le Blancq,S/Thessaloniki 1984/ (41)}) 10.
Nd4 e5 {The advance of the e pawn might be the least promising solution for
black, as now he will have to work hard for the equality.} (10... Qe7 11. e4 (
11. a3 Bc5 12. Nc6 Bxc6 13. dxc6 Ng4 $11) 11... Nc5 12. Qc2 a4 $13) (10... exd5
11. Nxd5 Nxd5 12. cxd5 Qf6 13. e3 Rfe8 $11) 11. Ndb5 Nc5 (11... Bc8 12. Qc2 (
12. a3 Bc5 13. Na4 Bf5 14. Nxc5 Nxc5 15. f3 Bd7 16. e4 a4 $11) 12... Bc5 13.
Na4 Bb4 14. Bg5 $14) 12. b3 Ba6 (12... Bc8 13. Qc2 Bg4 14. a3 Bxc3 15. Bxc3 $14
) 13. Rb1 (13. a3 Bxc3 14. Bxc3 Qd7 $13) 13... Bxb5 (13... Qd7 14. a3 Bxc3 15.
Nxc3 Qf5 16. b4 axb4 17. axb4 $14) 14. Nxb5 Bxd2 15. Qxd2 Re8 (15... Qd7 16. a3
Rfc8 17. b4 Nb7 18. Ra1 $14) 16. a3 e4 (16... Qd7 17. b4 Nb7 (17... Na4 $2 18.
Ra1 Ra6 19. Ra2 Rea8 20. Rfa1 e4 21. Qc2 $18) 18. Ra1 e4 19. Rfc1 $14) 17. Qe3
Qd7 18. b4 $1 Na4 {This knight is not a happy piece, since the only
alternative was to sit on b7.} (18... Nb7 19. Nd4 $14) 19. Nd4 h5 (19... Qg4
20. Ra1 Ra6 21. h3 Qd7 22. Nc6 $14) 20. Rfc1 h4 (20... axb4 21. axb4 Ng4 22.
Bh3 Qe7 23. Bxg4 hxg4 24. Ra1 $16) 21. gxh4 Qg4 22. Qg3 e3 (22... Qh5 $5 23.
Qg5 Qh7 24. Nc6 (24. Rb3 Re5 25. Qg3 Rh5 26. Nc6 Rxh4 27. bxa5 bxa5 28. Rb7 Qh6
29. Rcb1 Rg4 30. Qe3 Qxe3 31. fxe3 Nc3 32. R1b3 Nxe2+ 33. Kf1 $16) 24... e3 25.
Rb3 exf2+ 26. Kxf2 Ne4+ 27. Bxe4 Rxe4 28. h5 $14) 23. f4 (23. fxe3 Qh5 24. Nb5
Re7 25. Bf3 Qh7 26. Rb3 $16) 23... axb4 24. axb4 Rac8 (24... Qh5 25. Rb3 Ne4
26. Qxe3 Nf6 27. Qh3 Qh6 28. e3 $18) 25. Qxg4 Nxg4 26. Nb3 $2 {The final
coemdy of errors is hard to explain rationally, strong players are omitting
simple improvements.} (26. Bh3 Nf2 27. Bxc8 Rxc8 28. Kg2 $18) 26... Re7 $2 (
26... Ra8) 27. Ra1 (27. Ra1 Ra8 28. Ra3 Ree8 29. Rca1 b5 30. Nd4 Nb6 31. c5
Rxa3 32. Rxa3 dxc5 33. bxc5 Na4 34. c6 $18) 1-0

[Event "Bundesliga 0506"]
[Site "Germany"]
[Date "2006.03.12"]
[Round "13.4"]
[White "L'Ami, Erwin"]
[Black "Bischoff, Klaus"]
[Result "1/2-1/2"]
[WhiteElo "2541"]
[BlackElo "2555"]
[Annotator "Ftacnik,L"]
[PlyCount "63"]
[EventDate "2005.10.21"]
[EventType "team-tourn"]
[EventRounds "15"]
[EventCountry "GER"]
[SourceTitle "CBM 112"]
[Source "ChessBase"]
[SourceDate "2006.06.07"]
[SourceVersion "1"]
[SourceVersionDate "2006.06.07"]
[SourceQuality "1"]
[WhiteTeam "Katernberg"]
[BlackTeam "Tegernsee"]
[WhiteTeamCountry "GER"]
[BlackTeamCountry "GER"]

1. d4 e6 2. c4 Bb4+ 3. Bd2 a5 4. Nf3 b6 5. g3 Bb7 6. Bg2 Nf6 7. O-O O-O 8. Bg5
Be7 9. Nc3 Ne4 10. Bxe7 Qxe7 11. Qc2 Nxc3 12. Qxc3 d6 13. d5 e5 14. Nh4 {
From higher point of view black has good coordination of pieces, but he must
somehow finish the development.} (14. e4 Nd7 15. b3 c6 16. Nd2 cxd5 17. cxd5
Ba6 18. Rfc1 Nc5 19. Qe3 f5 20. exf5 Rxf5 21. Bh3 Rh5 22. Bg4 {1-0 Adianto,U 
(2591)-Juswanto,D (2505)/Jakarta 2004/ (39)}) 14... Bc8 (14... g6 15. f4 exf4
16. Rxf4 Nd7 $11) 15. f4 exf4 (15... e4 16. f5 Nd7 17. Rad1 Nf6 $11) 16. Rxf4
Na6 (16... Qxe2 $2 17. Nf3 Qe8 18. Re1 Qa4 19. Re7 Qd1+ (19... Qxa2 20. Ng5 Nd7
21. Be4 $18) 20. Bf1 Na6 21. Ng5 $18) 17. Be4 Nc5 (17... g5 18. Nf5 Bxf5 19.
Rxf5 Nc5 20. Bf3 $14) 18. Bc2 Bd7 {The immediate danger is over, black is
bringing the last reserves into center of the action.} (18... Qxe2 19. Re1 Qh5
20. Re7 f6 21. Ng2 Qg5 22. Rxc7 $14) 19. Nf3 Rae8 (19... f5 20. Nd4 g6 $11) 20.
Rh4 f5 21. Nd4 g5 (21... g6 22. Rf1 Qe3+ 23. Qxe3 Rxe3 24. g4 f4 25. g5 Re5 26.
Rfxf4 Rxg5+ 27. Kf2 $11) 22. Rh5 Qg7 23. h4 (23. Rf1 Ne4 24. Qd3 Qg6 25. Rh3 h6
26. e3 f4 27. Ne6 Bxe6 28. dxe6 Qxe6 $17) 23... gxh4 (23... h6 24. hxg5 hxg5
25. Qd2 Rf6 26. Rf1 f4 27. Nf3 $16) 24. Rxh4 Ne4 $1 {The exchange of pieces
will tame down white´s attacking potential.} 25. Bxe4 Rxe4 (25... fxe4 26. Qe3
Bg4 (26... Rf3 $2 27. Nxf3 Qxg3+ 28. Kh1 exf3 29. Qxe8+ Bxe8 30. Rg1 $18) 27.
Rf1 h5 28. Rh2 $14) 26. Rxe4 fxe4 27. Rf1 (27. Qe3 h5 28. Rf1 h4 $11) 27... Bh3
28. Rf2 (28. Rxf8+ Qxf8 29. Qc1 e3 30. Nf3 $11) 28... Rf3 $1 {The small
charming trick that simplifies the position.} 29. Rxf3 (29. Nxf3 $2 Qxg3+ 30.
Kh1 Qxf2 $19) 29... exf3 30. Kf2 fxe2 31. Kxe2 (31. Nxe2 $11) 31... Qh6 (31...
Qf6 $11) 32. Qe3 $2 {Did both plaers missed the poissonous check of the bishop
on f1?} (32. Qe3 $2 Bf1+ $1 33. Kf2 Qxe3+ 34. Kxe3 Bxc4 35. b3 Bxd5 36. Nb5 c6
37. Nxd6 Be6 $17) 1/2-1/2